ARRUPE JESUIT UNIVERSITY

CORONAVIRUS -STOP THE SPREAD - CLEAN,DISINFECT,COVER

The presidency and the crisis; (Record no. 125502)

MARC details
000 -LEADER
fixed length control field 00864cam a2200277 4500
001 - CONTROL NUMBER
control field 1195014
003 - CONTROL NUMBER IDENTIFIER
control field ARRUPE
005 - DATE AND TIME OF LATEST TRANSACTION
control field 20161013120039.0
008 - FIXED-LENGTH DATA ELEMENTS--GENERAL INFORMATION
fixed length control field 750523s1944 xx 000 0 eng u
010 ## - LIBRARY OF CONGRESS CONTROL NUMBER
LC control number 44006089
035 ## - SYSTEM CONTROL NUMBER
System control number (OCoLC)36612036
035 ## - SYSTEM CONTROL NUMBER
System control number (OCoLC)ocm36612036
035 ## - SYSTEM CONTROL NUMBER
System control number (NNC)1195014
040 ## - CATALOGING SOURCE
Transcribing agency ITD
Modifying agency m.c.
-- ZCU
050 0# - LIBRARY OF CONGRESS CALL NUMBER
Classification number E806
Item number .K6 1944a
082 ## - DEWEY DECIMAL CLASSIFICATION NUMBER
Classification number 973.917
300 ## - PHYSICAL DESCRIPTION
Dimensions 31 cm.
100 1# - MAIN ENTRY--PERSONAL NAME
Personal name Koenig, Louis William,
Dates associated with a name 1916-
9 (RLIN) 26723
245 14 - TITLE STATEMENT
Title The presidency and the crisis;
Statement of responsibility, etc by Louis William Koenig and Peter Scofield
260 ## - PUBLICATION, DISTRIBUTION, ETC. (IMPRINT)
Place of publication, distribution, etc London,
Name of publisher, distributor, etc Arms and Armour Press,
Date of publication, distribution, etc 1944.
300 ## - PHYSICAL DESCRIPTION
Extent 224 p. ;
502 ## - DISSERTATION NOTE
Dissertation note Thesis (PH.D.)--Columbia university, 1944.
504 ## - BIBLIOGRAPHY, ETC. NOTE
Bibliography, etc Bibliographical references included in "Notes" (p. [153]-166)
650 #0 - SUBJECT ADDED ENTRY--TOPICAL TERM
Topical term or geographic name as entry element Soviet union
General subdivision Military policy
9 (RLIN) 26724
942 ## - ADDED ENTRY ELEMENTS (KOHA)
Source of classification or shelving scheme Library of Congress Classification
Koha item type Monograph ( Printed materials)
Holdings
Withdrawn status Lost status Source of classification or shelving scheme Damaged status Not for loan Collection code Home library Current library Shelving location Date acquired Total Checkouts Full call number Barcode Date last seen Price effective from Koha item type
    Library of Congress Classification     Main Collection ARRUPE LIBRARY ARRUPE LIBRARY Main Collection 13/10/2016   L. UA770.K78 46500010565 13/10/2016 13/10/2016 Monograph ( Printed materials)

 

Arrupe Library. PO Box MP320 Mt Pleasant, Harare, Zimbabwe
263 242 745411|librarian@aju.ac.zw